Statistiche per Riconosci la città italiana dalle immagini

Clicka qui per fare il quiz!

Statistiche generali

  • Questo quiz è stato fatto 35 volte
  • Il punteggio medio è 6 su 16

Statistiche sulle risposte

Risposta% Corretto
Roma
93%
Bologna
85%
Matera
81%
Aosta
41%
Trento
33%
Brescia
30%
Piacenza
30%
Palermo
26%
Cagliari
22%
Imperia
22%
Lucca
22%
Pescara
22%
Ascoli Piceno
15%
Reggio Calabria
15%
Alessandria
11%
Isernia
7%

Distribuzione punteggi

Percentile per numero di risposta

Percentuale di utenti per punteggio

I tuoi punteggi nel tempo

Non hai fatto questo quiz